000 00824nas a2200265 4500
001 BR9801271
003 BR-BrBNA
005 20231205100949.0
007 ta
008 230509b bl.|||p| |||| 00| 00por d
040 _aBR-BrBNA
_bpor
_cBiblioteca Nacional de Agricultura
041 _a(Pt)
072 _aP36
100 1 _aSilva, F.J. da
100 1 _aSilva, J.R.C.
245 1 _aProdutividade de um solo litolico associada ao controle da erosao por cordoes de pedra em contorno
650 _aSolo
650 _aErosao do Solo
650 _aChuva
650 _aControle da Erosao
650 _aCordao em Contorno
773 0 _tRevista Brasileira de Ciencia do Solo (Brazil)
_xISSN 0100-0683
_g(Jul-Sep 1997), v. 21(3) p. 435-440
_wBR9801271
909 _a202311
_bLúcia
_c55
_dLúcia Elande
942 _2AGRIS
_n0
_cANA
999 _c159047
_d159047